书目信息 |
| 题名: |
化学用数理统计手册
|
|
| 作者: | 鲍尔 著 | |
| 分册: | ||
| 出版信息: | 北京 化学工业出版社 1983.01 |
|
| 页数: | 170页 | |
| 开本: | 19cm | |
| 丛书名: | ||
| 单 册: | ||
| 中图分类: | O6-051 | |
| 科图分类: | ||
| 主题词: | 化学--理论 , 化学--方法 | |
| 电子资源: | ||
| ISBN: | ||
| 000 | 00561nam0 2200205 45 | |
| 001 | 0405191761 | |
| 005 | 20060925112105.40 | |
| 010 | @dCNY0.60 | |
| 091 | @a15063.3463 | |
| 100 | @a20040519d1983 km y0chiy0120 ea | |
| 101 | 0 | @achi |
| 200 | 1 | @a化学用数理统计手册@AHua Xue Yong Shu Li Tong Ji Shou Ce@f(美)E·L·鲍尔著@F(Mei)E·L·Bao Er Zhu |
| 210 | @a北京@c化学工业出版社@d1983.01 | |
| 215 | @a170页@d19cm | |
| 606 | 0 | @a化学@x理论 |
| 606 | 0 | @a化学@x方法 |
| 690 | @aO6-051@v3 | |
| 701 | 0 | @a鲍尔@4著 |
| 801 | @aCN@bPftUser@c20060925 | |
| 905 | @dO6-051@e185 | |
| 化学用数理统计手册/(美)E·L·鲍尔著.-北京:化学工业出版社,1983.01 |
| 170页;19cm |
| ISBN :CNY0.60 |
| ● |
| 相关链接 |
|
|
|
|
正题名:化学用数理统计手册
索取号:O6-051/185
 
预约/预借
| 序号 | 登录号 | 条形码 | 馆藏地/架位号 | 状态 | 备注 |
| 1 | 0161041 | 001948762 | 第三借阅区/ [索取号:O6-051/185] | 在馆 | |
| 2 | 0161042 | 000340278 | 第三借阅区/ [索取号:O6-051/185] | 在馆 | |
| 3 | 0161043 | 000340296 | 第三借阅区/ [索取号:O6-051/185] | 在馆 | |
| 4 | 0161044 | 000340287 | 第三借阅区/ [索取号:O6-051/185] | 在馆 | |
| 5 | 0161045 | 202097792 | 第二样本阅览室/ [索取号:O6-051/185] | 在馆 | |
| 6 | 0422747 | 204227470 | 密集书库/ [索取号:O6-051/185] | 在馆 | |
| 7 | 0434344 | 204343442 | 密集书库/ [索取号:O6-051/185] | 在馆 | |
| 8 | 0434354 | 204343549 | 密集书库/ [索取号:O6-051/185] | 在馆 | |
| 9 | 0468652 | 204686526 | 密集书库/ [索取号:O6-051/185] | 在馆 |